Looking for a way of reining in rents (Record no. 65245)
[ view plain ]
| 000 -LEADER | |
|---|---|
| fixed length control field | 01187cam a2200241 4500 |
| 001 - CONTROL NUMBER | |
| control field | ABS63164 |
| 008 - FIXED-LENGTH DATA ELEMENTS--GENERAL INFORMATION | |
| fixed length control field | 000000n2000 000 0 eng u |
| 035 ## - SYSTEM CONTROL NUMBER | |
| System control number | (Sirsi) u109315 |
| 100 ## - MAIN ENTRY--PERSONAL NAME | |
| Personal name | Argent, K |
| 245 ## - TITLE STATEMENT | |
| Title | Looking for a way of reining in rents |
| 260 ## - PUBLICATION, DISTRIBUTION, ETC. | |
| Date of publication, distribution, etc. | 2000 |
| 490 ## - SERIES STATEMENT | |
| Series statement | Housing Today |
| Volume/sequential designation | (208) 2 November 2000, 14-15(2) |
| 520 ## - SUMMARY, ETC. | |
| Summary, etc. | Recent discussion about rent restructuring options has failed to address the need for a cut-off point for social housing rents. The London Housing Unit argues a case for an 'affordability cap' to protect work incentives, and limit the number of employed council tenants who rely on housing benefit. Article outlines the development of the London Housing Unit model, designed as a step towards establishing an affordability cap, and discusses the criteria necessary for a cap to reflect tenants' economic circumstances and allow differentials between regions and property types. Tables. |
| 590 ## - LOCAL NOTE (RLIN) | |
| Local note | ABS |
| 650 ## - SUBJECT ADDED ENTRY--TOPICAL TERM | |
| Topical term or geographic name entry element | AFFORDABILITY |
| 650 ## - SUBJECT ADDED ENTRY--TOPICAL TERM | |
| Topical term or geographic name entry element | SOCIAL HOUSING |
| 650 ## - SUBJECT ADDED ENTRY--TOPICAL TERM | |
| Topical term or geographic name entry element | RENTS |
| 650 ## - SUBJECT ADDED ENTRY--TOPICAL TERM | |
| Topical term or geographic name entry element | EARNINGS |
| 650 ## - SUBJECT ADDED ENTRY--TOPICAL TERM | |
| Topical term or geographic name entry element | HOUSING BENEFIT |
| 650 ## - SUBJECT ADDED ENTRY--TOPICAL TERM | |
| Topical term or geographic name entry element | HOUSING GREEN PAPER |
| 690 ## - LOCAL SUBJECT ADDED ENTRY--TOPICAL TERM (OCLC, RLIN) | |
| Topical term or geographic name as entry element | Affordable housing |
| 9 (RLIN) | 6215 |
| 942 ## - ADDED ENTRY ELEMENTS (KOHA) | |
| Suppress in OPAC | 0 |
| Withdrawn status | Lost status | Source of classification or shelving scheme | Damaged status | Not for loan | Home library | Current library | Shelving location | Date acquired | Total Checkouts | Full call number | Barcode | Date last seen | Copy number | Price effective from | Koha item type |
|---|---|---|---|---|---|---|---|---|---|---|---|---|---|---|---|
| Dewey Decimal Classification | London | London | Journal article | 13/11/2000 | ABS63164 | 109315-1001 | 06/08/2019 | 1 | 06/08/2019 | Journal article |